| 000 | 00505cam a22002052a 4500 | ||
|---|---|---|---|
| 001 | 012515 | ||
| 003 | AR-FADEU | ||
| 008 | 311216n1970####xxu####################dd | ||
| 092 |
_a616.89 _bD554 |
||
| 100 | _aDicks, Henry V. | ||
| 245 | _aTensiones matrimoniales | ||
| 260 | _aBuenos Aires | ||
| 260 | _bHormé | ||
| 260 | _c1970 | ||
| 300 | _a495 p | ||
| 440 | _aBiblioteca psicoterapia | ||
| 500 | _aIncluye bibliografĂa | ||
| 650 | _aMATRIMONIO; TERAPIA DE PAREJA; DIVORCIO | ||
| 942 | _cBDGR | ||
| 999 |
_c18284 _d18284 |
||